LEADER 01457nam a2200337 u 4500 001 000000005579 003 CaOOAMICUS 005 20150112111650.0 008 941010s1975 it u000 u ita u 035 $a10143186 040 $aPUL(R)$bita 041 1 $aita$alat 100 0 $aMarsilio da Padova,$dc. 1280-c. 1343.$0(OLS)http://pul/name/4279 240 10$aDefensor minor.$lItalian.$0(OLS)http://pul/title/8178 245 13$aIl difensore minore /$cMarsilio da Padova ; a cura di Cesare Vasoli. 260 $aNapoli :$bGuida,$cc1975. 300 $a189 p.$c22 cm 490 1 $aMicromegas ;$v4 504 $aBibliography: p. 66-79. 650 0$aChurch and state.$2//eng$0(OLS)http://pul/subject/3489 650 0$aState, The.$2//eng$0(OLS)http://pul/subject/3490 650 0$aPolitical science$xHistory.$2//eng$0(OLS)http://pul/subject/3491 700 1 $aVasoli, Cesare,$d1924-$0(OLS)http://pul/name/4280 830 0$aMicromegas ;$v4.$0(OLS)http://pul/title/7409 850 $aPUL 852 $aPUL$W1$xDP1 Altre Collocazioni$y17$mSenza collocazione$j12$nBK-PRI$b $qStampati$B7816$CPULBib$Z2$F7816 $H $81 852 $aPUL$W1$xDP1 Fondo Capitani$y116$m2 A 59$j155981$qFondi$B162514$CPULBib$Z2$F162514 $HCap279 $82 941 1 $a8 941 1 $a1 996 $6245$aIl difensore minore$9(OLS)http://pul/title/8179 996 $6260$aNapoli :$bGuida$9(OLS)http://pul/publisher/50764 LEADER 01130nam a2200229 u 4500 001 000000025856 003 CaOOAMICUS 005 20070226111518.0 008 950911s1786 it u000 u ita u 035 $a10664677 040 $aPUL(R)$bita 100 1 $aTamburini, Pietro,$csac.,$d1737-1827.$0(OLS)http://pul/name/21398 245 10$aRiflessioni del teologo piacentino sul libro dell'ab. Cuccagni Ecclesiae et Imperii officiis etc. .. 260 $aPiacenza :$b[s.n.],$cMDCCLXXXVI. 300 $a304 p. ;$c21 cm 600 14$aCuccagni, Luigi.$0(OLS)http://pul/subject/15221 850 $aPUL 852 $aPUL$W1$xDP1 Antico 700$y26$m148 A 18$j36127$nBK-PRI$b $qStampati Antico$B36127$CPULBib$Z2$F36127 $H $81 852 $aPUL$W1$xDP1 Antico 700$y26$m148 B 27$j36128$nBK-PRI$b $qStampati Antico$B36128$CPULBib$Z2$F36128 $H $81 941 1 $a15 996 $6245$aRiflessioni del teologo piacentino sul libro dell'ab. Cuccagni Ecclesiae et Imperii officiis etc. ..$9(OLS)http://pul/title/35602 996 $6260$aPiacenza :$b[s.n.]$9(OLS)http://pul/publisher/57137